| 000 | 00681nam a2200193Ia 4500 | ||
|---|---|---|---|
| 003 | 0 | ||
| 005 | 20250127125557.0 | ||
| 008 | 150126s9999 xx 000 0 und d | ||
| 050 |
_aPHS HD 69.T54 _b.C615 2014 |
||
| 100 | _aClaudio, Ma. Rubie Ann M. | ||
| 245 |
_aTime management and video games / _cMa. Rubie Ann M. Claudio. |
||
| 260 |
_aLas PiƱas City, Philippines : _bSouthville International School and Colleges, _c2014. |
||
| 300 |
_a25 pages : _billustration ; _c23 cm. |
||
| 504 | _aIncludes bibliographical references. | ||
| 650 | _aTime Management. | ||
| 650 |
_aVideo games _vSocial aspects. |
||
| 650 |
_aRecreational activities _vTime management. |
||
| 942 |
_2lcc _cPASS |
||
| 999 |
_c278654 _d278654 |
||